000 01574cam a2200397 a 4500
999 _c6587
_d6587
001 15031370
003 OSt
005 20200205111802.0
008 071002s2007 enkab b 000 0 eng d
010 _a 2007702104
015 _aGBA686104
_2bnb
016 7 _a013573151
_2Uk
020 _a9780852551721 (pbk.)
020 _a085255172X (pbk.)
035 _a(OCoLC)ocm72868596
040 _aUKM
_cUKM
_dYDXCP
_dMEU
_dDLC
042 _aukscp
_alccopycat
043 _af-nr---
082 0 4 _a371.822
_bPER 2007
100 1 _aPereira, Charmaine.
_913552
245 1 0 _aGender in the making of the Nigerian University System /
_cCharmaine Pereira.
260 _aOxford :
_bJames Currey ;
_aIbadan :
_bHeinemann Educational Books (Nigeria),
_c2007.
300 _axvi, 203 p. :
_bill., map ;
_c24 cm.
440 0 _aHigher education in Africa
_913237
500 _aPublished in association with Partnership for Higher Education in Africa.
504 _aIncludes bibliographical references (p. 195-203).
650 0 _aWomen
_xEducation (Higher)
_zNigeria.
_913553
650 0 _aWomen in education
_zNigeria.
_913554
650 0 _aSex discrimination in higher education
_zNigeria.
_913555
650 0 _aEducation, Higher
_zNigeria
_xSex differences.
_913556
650 0 _aUniversities and colleges
_zNigeria
_xAdministration.
_913557
710 2 _aPartnership for Higher Education in Africa.
_913243
906 _a7
_bcbc
_ccopycat
_d2
_encip
_f20
_gy-gencatlg
942 _2ddc
_cO_SHELF